| 000 | 00855nam a2200205Ia 4500 | ||
|---|---|---|---|
| 005 | 20241216011323.0 | ||
| 008 | 190429s9999||||xx |||||||||||||| ||und|| | ||
| 082 |
_a628.34 _bH44 |
||
| 100 | _aHERRERA PRESENTACION ROSMERI | ||
| 245 | 0 |
_aDISEÑO EXPERIMENTAL DE UN HUMEDAD ARTIFICIAL EMPLEANDO LA PLANTA LA CORTADERA (CORTADERIA SELLOANA) PARA EL TRATAMIENTO DE AGUA Y SUELO ACIDO DEL TUNEL PUCARA DE LA EMPRESA ACTIVOS MINEROS S.A.C. 2014 _bCONTIENE CD |
|
| 250 | _a0 | ||
| 260 |
_aCERRO DE PASCO-PERU _bUNDAC _c2014 |
||
| 300 |
_a74 pag. _c30 cm. |
||
| 341 | _h0 | ||
| 490 |
_v0 _a0 |
||
| 505 | _aPLANTEAMIENTO DEL PROBLEMA/ MARCO DE REFERENCIA/ MATERIALES Y METODOS/ RESULTADOS Y DISCUSION/ CONCLUCIONES Y RECOMENDACIONES/ BIBLIOGRAFIA Y ANEXOS | ||
| 541 |
_aD _bHERRERA PRESENTACION ROSM _d20-Apr-15 _oSoles |
||
| 650 | _aAmbiental | ||
| 942 | _cTESIS | ||
| 999 |
_c38680 _d38680 |
||